[Event "1st Longtou Cup Belt and Road"]
[Site "Qinhuangdao"]
[Date "2018.06.04"]
[Round "9"]
[White "Antipov, Mikhail Al"]
[Black "Tabatabaei, M amin"]
[Result "1-0"]
[WhiteElo "2597"]
[BlackElo "2587"]
[Annotator "TA"]
[PlyCount "125"]
[EventDate "2018.??.??"]
[EventCountry "CHN"]
[SourceTitle "playchess.com"]
[Source "ChessBase"]
[SourceQuality "1"]

{[%evp 13,125,-1,14,-5,16,35,18,-7,0,0,0,0,47,0,16,4,27,0,0,0,0,-60,-48,-50,-51,-48,-40,-42,-35,-62,-64,-83,0,-106,-121,-149,-119,-125,-120,-122,-124,-114,-119,-161,-154,-185,-185,-185,-185,-185,-185,-185,-170,-185,-171,-204,-201,-214,-233,-235,-240,-226,-207,-187,-39,-27,-32,-271,-283,-387,-381,-381,-391,-356,0,0,0,0,0,0,0,0,0,0,0,0,0,0,0,0,108,150,266,255,804,770,1771,1489,29982,1228,1133,1032,1654,1958,1726,1659,1189,832,12840,12840,12841,12840,12837,12835]} 1. c4 g6 2. Nc3 Bg7 3. g3 Nf6 4. Bg2 O-O 5. d4 d6 6. e3 e5 7. Nge2 Nbd7 8. h3 {E61: King's Indian: Early deviations for White, including Smyslov System} (8. O-O Re8 9. Qc2 Qe7 10. b3 e4 11. Bb2 c6 12. d5 c5 13. a3 Nf8 14. b4 b6 15. bxc5 bxc5 16. Rab1 g5 17. Ba1 {0-1 (37) Dubov,D (2661)-Onischuk,V (2612) Berlin 2015}) 8... h5 9. b3 Re8 10. Bb2 {The position is equal.} c6 11. Qd2 a5 $146 ({Predecessor:} 11... exd4 12. Nxd4 Nc5 13. O-O Bd7 14. Rad1 Qc8 15. Kh2 a5 16. Nf3 Nfe4 17. Nxe4 Nxe4 {½-½ (27) Bischoff,K (2495)-Knaak,R (2515) Hamburg 1991}) 12. O-O e4 13. a3 Nf8 14. d5 c5 15. b4 b6 ({Reject} 15... axb4 $6 16. axb4 Rxa1 17. Rxa1 $16) 16. bxc5 bxc5 17. a4 (17. Nb5 $11) 17... N8d7 {Hoping for ...Ne5.} 18. Nb5 Ne5 19. Bxe5 Rxe5 20. Rab1 Nh7 21. Kh2 Ng5 22. Ng1 {[#]} Re8 (22... h4 $1 $17 {[%mdl 512]}) 23. Nc3 {[#]} (23. h4 $11 Nh7 24. Bh3) 23... h4 $1 $17 {[%mdl 512]} 24. Nce2 (24. gxh4 Nf3+) 24... Be5 25. Kh1 Kg7 26. Nf4 Rh8 27. g4 Qe8 28. Rb5 Ba6 29. Qc2 Bxb5 30. cxb5 Bf6 31. Nge2 Qe5 32. Rb1 Rhb8 33. Kg1 Rb7 34. Kf1 Re8 35. Qc4 Nf3 36. Bxf3 exf3 37. Ng1 Qe4 38. Rc1 {Threatening Ne6+!} Re5 ({Black should try} 38... Kg8 $19 {Threatens to win with ...Rbe7.} 39. Nd3 Rbe7) 39. Qa2 $1 $15 Rbe7 40. Qb3 $2 (40. Rc4 $1 $15 Rxd5 41. Nxd5 Qd3+ 42. Ke1 Qxd5 43. Qc2) 40... g5 $1 $19 {[%cal Rg5f4]} 41. Rc4 gxf4 42. Rxe4 Rxe4 43. g5 {[#]} Bxg5 $2 ({Better is} 43... Bd4 $1 $19 {[%cal Rf4e3][%mdl 512]} 44. Nxf3 (44. exd4 Re1#) 44... fxe3 45. Nxd4 cxd4 46. fxe3 dxe3) 44. Nxf3 $11 fxe3 45. Nxg5 e2+ 46. Ke1 Rd4 47. Ne6+ $1 fxe6 48. dxe6 {[%mdl 4096] Endgame KQ-KRR} Kf6 49. Kxe2 Rxe6+ 50. Kf1 Re7 51. Qc3 Kf5 (51... Ke6 $11 {remains equal.}) 52. Qxa5 $16 Rd1+ (52... Ree4 $16) 53. Kg2 $18 Kf4 $2 (53... Rg7+ 54. Kf3 Rd3+ 55. Ke2 Rd4) 54. Qc3 Rd4 55. b6 Rb4 56. a5 (56. Qf6+ $142 Ke4 57. Qxe7+ Kd5 58. a5 Kc6 59. Qc7+ Kb5 60. Qxd6 Ka6 61. Qxc5) 56... Kf5 {White is clearly winning.} 57. Qa1 Re8 58. Qg7 Rb8 59. Qe7 Rg8+ 60. Kh2 {aiming for Qf7+.} Rg6 61. b7 Rb2 62. Qf8+ Rf6 63. b8=Q {Precision: White = 50%, Black = 61%.} 1-0

[Event "1st Longtou Cup Belt and Road"]
[Site "Qinhuangdao"]
[Date "2018.06.04"]
[Round "9"]
[White "Xu, Yinglun"]
[Black "Idani, Pouya"]
[Result "1/2-1/2"]
[WhiteElo "2539"]
[BlackElo "2572"]
[Annotator "TA"]
[PlyCount "69"]
[EventDate "2018.??.??"]
[EventCountry "CHN"]
[SourceTitle "playchess.com"]
[Source "ChessBase"]
[SourceQuality "1"]

{[%evp 18,69,13,20,31,21,60,9,37,31,31,11,22,19,21,19,18,22,18,11,12,18,51,55,47,8,0,0,0,0,27,33,40,43,30,33,101,100,112,110,112,108,118,0,0,0,0,0,0,0,0,0,0,0]} 1. d4 Nf6 2. c4 e6 3. Nf3 b6 4. g3 Bb4+ 5. Bd2 Be7 6. Nc3 Bb7 7. Bg2 O-O 8. O-O c6 9. Bf4 {E16: Queen's Indian: 4 g3 Bb7 5 Bg2 Bb4+} d5 10. Qd3 {LiveBook: 3 Games} Na6 11. a3 {White is slightly better.} Rc8 $146 ({Predecessor:} 11... dxc4 12. Qxc4 c5 13. Ne5 Bxg2 14. Kxg2 cxd4 15. Nc6 Qd7 16. Nxe7+ Qxe7 17. Qxd4 Rfd8 18. Qe3 Nc7 19. Bg5 h6 20. Bxf6 Qxf6 {½-½ (20) Jumabayev,R (2542)-Tiviakov,S (2653) Tashkent 2010}) 12. cxd5 ({Better is} 12. e4 $14) 12... Nxd5 13. Nxd5 cxd5 14. h4 Nb8 {[%cal Ba6b8,Bb8d7,Bd7c5,Bc5b3][%mdl 32]} 15. b4 Bd6 16. Ng5 {[%csl Gg5][%cal Rd3h7] [#]} g6 17. Bxd6 Qxd6 18. Rfc1 Nd7 19. b5 f6 20. Nh3 e5 21. dxe5 fxe5 22. Rxc8 Rxc8 23. Rd1 {[%cal Rg2d5]} Nc5 24. Bxd5+ Kg7 $1 25. Qd2 Rd8 $1 {[%cal Rd6d5]} 26. e4 {[%cal Be2e4,Be4d5][%mdl 32]} Bxd5 (26... Bc8 $14 27. Kh2 (27. Ng5 Qf6 $11) 27... Bg4) 27. exd5 $16 Nb3 28. Qe3 Nd4 {[#]} 29. Ng5 $1 {Black must now prevent f4.} Rd7 30. Rxd4 (30. f4 $16 Qxd5 31. Kf2) 30... exd4 $11 {The position is equal.} 31. Qxd4+ Qf6 $1 {[%cal Rf6d4]} 32. Ne6+ Kf7 {...Qxd4 is the strong threat.} 33. Ng5+ Kg7 $1 34. Ne6+ Kf7 {aiming for ...Qxd4.} 35. Ng5+ {Precision: White = 65%, Black = 45%.} 1/2-1/2

[Event "1st Longtou Cup Belt and Road"]
[Site "Qinhuangdao"]
[Date "2018.06.04"]
[Round "9"]
[White "Mosadeghpour, Masoud"]
[Black "Zhang, Fuhan"]
[Result "1-0"]
[WhiteElo "2535"]
[BlackElo "2195"]
[Annotator "TA"]
[PlyCount "68"]
[EventDate "2018.??.??"]
[EventCountry "CHN"]
[SourceTitle "playchess.com"]
[Source "ChessBase"]
[SourceQuality "1"]

{[%evp 13,68,12,37,36,60,43,53,53,42,39,33,47,50,31,102,87,100,94,88,72,125,60,120,67,120,130,122,119,152,134,227,216,214,223,215,210,311,307,291,193,402,393,389,388,653,637,1412,1481,1796,12835,12836,12836,12836,12837,12841,12842,12842]} 1. d4 Nf6 2. c4 g6 3. g3 Bg7 4. Bg2 d5 5. cxd5 Nxd5 6. e4 Nb6 7. Ne2 Nc6 {[%cal Rc6d4,Bb8c6,Bc6a5,Ba5c4,Bc4d6][%mdl 32]} (7... c5 $5) 8. d5 {D72: Fianchetto Grünfeld: 5 cxd5 Nxd5 6 e4 Nb6 (without Nf3)} Na5 9. O-O c6 10. Nbc3 {White is slightly better.} cxd5 11. exd5 Nac4 12. b3 Nd6 $1 13. a4 a5 {[#]} (13... O-O $14) 14. Bf4 $146 ({Predecessor:} 14. h3 O-O 15. Ba3 Re8 {1-0 (39) Dydyshko,V (2562)-Toma,K (2268) Litomysl 2006}) 14... Bg4 15. Rc1 O-O 16. Qd2 Rc8 ({Better is} 16... Nd7) 17. h3 (17. Nd4 $16) 17... Bd7 (17... Bxe2 $1 $14 18. Nxe2 Rxc1 19. Rxc1 Nd7) 18. Rfe1 (18. Nd4 $16) 18... Re8 (18... Na8 $14) 19. g4 $16 Na8 20. Be3 Rc7 21. Ne4 b5 (21... Nxe4 $16 22. Bxe4 Be5) 22. Nxd6 $18 exd6 23. axb5 Bxb5 24. Nd4 Rb7 (24... Rxc1 $142 25. Rxc1 Ba6) 25. Nc6 Bxc6 26. dxc6 Rxb3 $2 (26... Rb5 27. Bf1 Rb8) 27. Bg5 Qb8 28. Bd5 Rxe1+ $2 (28... Be5 29. c7 (29. Qxa5 Rb5 $18) 29... Nxc7) 29. Rxe1 {[#] Black must now prevent Bxf7+!White is clearly winning.} Rb5 30. Re7 Qf8 31. Rxf7 Qxf7 32. Bxf7+ Kxf7 33. Qxd6 {[#] Intending Qe7+ and mate.} Rxg5 34. Qd7+ Kf6 {Precision: White = 74%, Black = 29%.} 1-0

[Event "1st Longtou Cup Belt and Road"]
[Site "Qinhuangdao"]
[Date "2018.06.04"]
[Round "9"]
[White "Liu, Yan"]
[Black "Zhang, Ziji"]
[Result "1/2-1/2"]
[WhiteElo "2474"]
[BlackElo "2361"]
[Annotator "TA"]
[PlyCount "60"]
[EventDate "2018.??.??"]
[EventCountry "CHN"]
[SourceTitle "playchess.com"]
[Source "ChessBase"]
[SourceQuality "1"]

{[%evp 19,60,17,12,0,20,23,25,19,27,25,25,29,25,20,21,21,52,18,22,6,16,12,18,0,0,0,14,0,0,0,0,0,0,0,0,0,0,0,0,0,0,0,0]} 1. Nf3 d5 2. c4 c6 3. e3 Nf6 4. b3 Bg4 5. Bb2 e6 6. Be2 Nbd7 7. O-O Bd6 8. d4 O-O 9. Nbd2 Qb8 10. h3 Bh5 {LiveBook: 30 Games} 11. Re1 {A12: English Opening: 1...c6 with b3 by White} a6 12. Qc2 Bg6 $146 ({Predecessor:} 12... b5 13. cxd5 cxd5 {½-½ (34) Papp,G (2362)-Erdos,V (2425) Budapest 2003}) 13. Bd3 {White has an edge.} Bxd3 14. Qxd3 Re8 15. e4 dxe4 16. Nxe4 Nxe4 17. Rxe4 Rd8 {With the idea ...Nc5!} 18. Re2 {[%cal Be4e2,Be2d2,Bd2d5][%mdl 32]} Be7 {The position is equal.} 19. Qc2 Qc7 20. Rd1 h6 21. Qb1 Bf6 22. Red2 a5 23. d5 cxd5 24. cxd5 exd5 25. Rxd5 Bxb2 26. Qxb2 {[#] Strongly threatening Qd4.} Nf6 27. Rxd8+ Rxd8 28. Rxd8+ Qxd8 29. Qc2 Qd5 30. Qc8+ Kh7 {Precision: White = 31%, Black = 70%.} 1/2-1/2

[Event "1st Longtou Cup Belt and Road"]
[Site "Qinhuangdao"]
[Date "2018.06.04"]
[Round "9"]
[White "Yankai, Li"]
[Black "Zhao, Yuanhe"]
[Result "1-0"]
[WhiteElo "2435"]
[BlackElo "2377"]
[Annotator "TA"]
[PlyCount "103"]
[EventDate "2018.??.??"]
[EventCountry "CHN"]
[SourceTitle "playchess.com"]
[Source "ChessBase"]
[SourceQuality "1"]

{[%evp 16,103,68,71,108,88,99,100,137,125,127,124,148,135,171,173,240,242,342,342,341,340,340,340,338,338,338,338,334,335,357,335,335,299,1030,1030,1015,1015,1013,1004,990,980,980,980,981,980,980,977,964,909,867,856,4914,964,1429,777,672,672,672,670,656,641,988,985,1069,1041,966,950,943,935,1779,1714,1289,1227,1173,1082,808,570,29947,4802,29972,29974,29972,29974,29975,29972,29972,29973,12075,10088]} 1. d4 Nf6 2. c4 g6 3. Nc3 d5 4. Bg5 Bg7 (4... Ne4 5. Bf4 Nxc3 6. bxc3 Bg7 7. e3 O-O 8. Nf3 c5 9. cxd5 cxd4 10. cxd4 Qxd5 11. Be2 Qa5+ 12. Qd2 Qxd2+ 13. Kxd2 Nc6 14. Rhc1 Rd8 15. Bd3 e5 16. Nxe5 Bxe5 17. Bxe5 Nxe5 18. dxe5 Bf5 19. Rc3 Rd5 20. Ke2 Bxd3+ 21. Rxd3 Rxe5 {½-½ (33) Wang,Y (2690)-Li,C (2732) China 2018}) 5. Bxf6 Bxf6 6. cxd5 {D80: Grünfeldindisch (4.Lg5)} O-O 7. Nf3 c5 8. dxc6 Nxc6 9. e3 {LiveBook: 7 Partien} Qa5 10. Bd3 e5 {[%cal Re5d4]} 11. d5 $146 ({Vorgänger:} 11. O-O exd4 12. exd4 Bg4 13. Qa4 Qxa4 14. Nxa4 Rfd8 {½-½ (26) Foisor,S (2223)-Silva,L (2320) Lisbon 2015}) 11... e4 12. Bxe4 Bxc3+ 13. bxc3 Qxc3+ 14. Nd2 Nb4 15. Rc1 Qa3 {[#]} (15... Nd3+ $142 16. Bxd3 Qxd3) 16. Nc4 $1 $18 {[%cal Rc4a3]} Qa6 (16... Qxa2 $142 17. O-O b5) 17. Qb3 Re8 18. Bf3 ({Weniger gut wäre} 18. Qxb4 Rxe4 19. f3 Re8 $18) 18... b5 19. Qxb4 bxc4 20. d6 ({Nicht} 20. Rxc4 Bd7 $14) ({Finger weg von} 20. Qxc4 Qb6 $18) 20... Be6 21. Bxa8 Rxa8 22. O-O Qxa2 23. Rfd1 Rd8 24. d7 Qa6 $2 (24... Rxd7 25. Rxd7 Bxd7 26. Qxc4 Qxc4 27. Rxc4 a5) 25. Qe7 Qa5 26. Ra1 Qb6 27. Rab1 Qa5 {[#]} 28. Rb5 $3 {[%mdl 512]} Qc7 {[#]} (28... Qxb5 29. Qxd8+) 29. Rb7 $3 {[%mdl 512]} Qa5 {[#]} (29... Qxb7 30. Qxd8+) 30. Rxa7 $1 {[%mdl 512]} Qb6 {[#]} (30... Qxa7 31. Qxd8+) 31. Rb7 $3 {[%mdl 512]} Qa5 (31... Qxb7 32. Qxd8+) 32. Rb5 Qa8 33. h4 h5 34. Rc5 (34. Rd6 $142 Rxd7 35. Rxd7 Bxd7 36. Qxd7) 34... Kh7 35. Qxd8 Qxd8 36. Rc8 Qxc8 37. dxc8=Q Bxc8 {[%mdl 4096] Endspiel KT-KL} 38. e4 Kg7 39. Rc1 Be6 40. f4 Kf6 41. Kf2 Ke7 42. Ke3 Kd7 43. Kd4 Kd6 44. Ra1 Ke7 45. Ra7+ Kd6 46. Ra5 Kc6 47. f5 gxf5 48. exf5 Bd7 49. Kxc4 Kd6 50. Kd4 Bc8 51. Rd5+ Ke7 52. Rc5 {Precision: Weiß = 78%, Schwarz = 43%.} 1-0

[Event "1st Longtou Cup Belt and Road"]
[Site "Qinhuangdao"]
[Date "2018.06.04"]
[Round "9"]
[White "Chu, Wei Chao"]
[Black "Dai, Changren"]
[Result "0-1"]
[WhiteElo "2403"]
[BlackElo "2436"]
[Annotator "TA"]
[PlyCount "75"]
[EventDate "2018.??.??"]
[EventCountry "CHN"]
[SourceTitle "playchess.com"]
[Source "ChessBase"]
[SourceQuality "1"]

{[%evp 19,75,0,0,3,4,-19,-13,-17,0,0,-11,-15,8,11,10,18,32,24,20,0,0,0,0,0,0,0,0,-25,-12,-17,-11,-15,-7,-17,0,0,0,-125,-97,-136,-51,-135,-122,-93,-103,-108,0,-121,0,-362,-370,-354,-355,-402,-356,-433,-410,-854]} 1. Nf3 Nf6 2. c4 e6 3. g3 d5 4. Bg2 dxc4 5. Qa4+ Bd7 6. Qxc4 {A13: English Opening: 1...e6} c5 7. Ne5 (7. d4 Bc6 8. dxc5 Nbd7 9. Be3 Bd5 10. Qc2 Be4 11. Qc1 Ng4 12. b4 a5 13. Bg5 f6 14. Bd2 axb4 15. Bxb4 Nxc5 16. Bxc5 Rc8 17. Qc4 Bxc5 18. Qxe6+ {½-½ (41) Ding,L (2769)-Aronian,L (2794) Berlin 2018}) 7... Qc8 8. Nxd7 Qxd7 9. O-O Nc6 10. Qa4 Rc8 {LiveBook: 8 Games} 11. Bxc6 $146 ({Predecessor:} 11. d3 Be7 12. Nd2 Nd4 13. Qd1 h5 {½-½ (76) Movsesian,S (2647)-Akobian,V (2647) Riadh 2017}) 11... Qxc6 12. Qxa7 b5 13. Qa3 $1 c4 14. Qf3 Qxf3 15. exf3 {[%cal Be2f3,Bf3f4][%mdl 32]} Nd7 16. Rd1 Ne5 17. d4 cxd3 18. f4 Nf3+ 19. Kg2 Nd4 {White must now prevent ...Nc2.} 20. Nc3 b4 21. Na4 Be7 22. Be3 Nc2 $36 {[%mdl 2048] White is under pressure.} 23. Rab1 Nxe3+ 24. fxe3 Rc2+ 25. Kf3 Rxh2 26. Rxd3 h5 27. Rc1 O-O 28. e4 (28. Rc7 $11 {remains equal.} Bf6 29. Rb3) 28... g5 {[%cal Bg7g5,Bg5g4][%mdl 32]} 29. Rc7 g4+ $1 30. Ke3 {[#]} Re8 $1 31. Rdd7 {[#]} Bf8 $1 32. e5 Ra8 (32... Rg2 $17 {And now ...Ra8 would win.} 33. Rxf7 Rxg3+ 34. Ke2 Rg2+ 35. Kf1 Rh2) 33. b3 (33. Nb6 $11 {keeps the balance.} Rxa2 34. Rxf7) 33... Rxa2 (33... Rg2 $17 34. Rxf7 Rxg3+ 35. Ke4 Rg1) 34. Nb6 $2 {[%mdl 8192]} (34. Rxf7 $11 {and White has nothing to worry.} Rg2 35. Rf6) 34... R8a3 $19 35. Rd3 Rg2 36. Kd4 Ra5 37. Ke4 Re2+ 38. Re3 {Precision: White = 57%, Black = 73%.} (38. Kd4 $142 Kg7 39. Rd1) 0-1

[Event "1st Longtou Cup Belt and Road"]
[Site "Qinhuangdao"]
[Date "2018.06.04"]
[Round "9"]
[White "Xu, Minghui"]
[Black "Gordievsky, Dmitry"]
[Result "0-1"]
[WhiteElo "2317"]
[BlackElo "2653"]
[Annotator "TA"]
[PlyCount "46"]
[EventDate "2018.??.??"]
[EventCountry "CHN"]
[SourceTitle "playchess.com"]
[Source "ChessBase"]
[SourceQuality "1"]

{[%evp 9,46,0,0,-1,1,-18,-25,-29,12,2,42,27,19,27,39,0,0,0,0,0,0,-108,-96,-95,-89,-99,-56,-150,-150,-228,-220,-225,-231,-217,-212,-193,-148,-589,-564]} 1. Nf3 g6 2. g3 Bg7 3. Bg2 e5 4. e4 Nc6 5. c3 (5. O-O Nge7 6. c3 O-O 7. b4 d6 8. d3 f5 9. b5 Nb8 10. Nbd2 f4 11. Qb3+ Kh8 12. Ng5 Qe8 13. Ndf3 Ng8 14. gxf4 exf4 {0-1 (47) Zvjaginsev,V (2643)-Vavulin,M (2575) Moscow 2017}) 5... Nge7 6. d4 {A04: Unusual lines after 1 Nf3 and King's Indian Attack} exd4 7. cxd4 d5 $146 ({Predecessor:} 7... d6 8. Be3 O-O 9. Nc3 h6 10. Qd2 Kh7 11. O-O Bg4 12. Nh4 Qd7 {½-½ (29) Vokroj,G (1732)-Schwaninger,U (2008) Hartberg 2004}) 8. e5 {Black has an edge.} Bf5 9. O-O h6 10. Nc3 Qd7 11. Re1 Bh3 12. Nh4 g5 13. Bxh3 Qxh3 14. Ng2 O-O-O 15. f4 {[#]} (15. b4 $1 $11) 15... f6 $1 $17 16. Ne2 fxe5 17. fxe5 Ng6 {[%cal Be7g6,Bg6e5,Be5f3,Bf3e1][%mdl 32]} 18. Be3 {[#]} (18. Kh1 $15) 18... Bxe5 $1 {[%mdl 512]} 19. dxe5 (19. Qc2 $17 Rhg8 20. Rf1 (20. dxe5 Ngxe5 21. Kh1 Nf3 $17)) 19... Ngxe5 $19 ({Weaker is} 19... Ncxe5 20. Kh1 $15) 20. Kh1 Nf3 $40 {[%csl Gf3][%cal Rh3h2][%mdl 128] Black is out for blood.} 21. Bg1 Nxe1 22. Nxe1 {[#]} d4 $1 {[%mdl 512]} 23. Nxd4 $2 {[%mdl 8192]} (23. Nc1 $17 {is more resistant.}) 23... Nxd4 {Precision: White = 42%, Black = 63%.} 0-1

[Event "1st Longtou Cup Belt and Road"]
[Site "Qinhuangdao"]
[Date "2018.06.04"]
[Round "9"]
[White "Wang, Shixu B"]
[Black "Mohr, Georg"]
[Result "1-0"]
[WhiteElo "2203"]
[BlackElo "2469"]
[Annotator "TA"]
[PlyCount "100"]
[EventDate "2018.??.??"]
[EventCountry "CHN"]
[SourceTitle "playchess.com"]
[Source "ChessBase"]
[SourceQuality "1"]

{[%evp 14,100,40,35,64,67,69,68,67,34,84,54,59,2,35,28,39,-29,142,143,143,141,260,237,268,275,376,372,370,368,354,177,166,167,169,180,162,158,189,187,185,195,186,188,344,309,322,317,306,276,297,291,320,254,255,233,270,249,352,340,337,254,251,241,227,241,253,253,306,222,386,279,375,375,332,366,937,925,894,867,748,403,1550,643,910,346,918,893,1267]} 1. d4 Nf6 2. Nf3 g6 3. c4 d6 4. Nc3 Bf5 5. Nh4 Bd7 6. e4 Bg7 {E61: Königsindisch (Abweichungen der Hauptvariante)} 7. Nf3 O-O 8. Be2 {LiveBook: 27 Partien} Qe8 {Weiß steht etwas besser.} (8... c5 9. d5 e6 10. O-O exd5 11. exd5 Re8 12. h3 Na6 13. a3 Nc7 {0-1 (30) Buhmann,R (2625)-Vitiugov,N (2724) Moscow 2017}) 9. O-O e5 10. dxe5 dxe5 11. b3 $146 ({Vorgänger:} 11. Nd5 Na6 12. Nxf6+ Bxf6 13. Bh6 Bg7 14. Bxg7 Kxg7 {0-1 (58) Lentrodt,T (2367)-Prusikin,M (2542) Bad Liebenzell 2010}) 11... Qe6 12. Nd5 Rc8 13. c5 (13. Ba3 $14 Nc6 14. Qd3) 13... Nxe4 14. Bc4 {Sxc7! ist eine echte Drohung.} Qe8 $1 15. Re1 ({Günstiger ist} 15. Ng5 $14 Nxg5 16. Bxg5) 15... Nxc5 $2 {[#]} ({Besser ist} 15... c6 $1 $11 16. Rxe4 cxd5 17. Bxd5 Bc6 18. Bxc6 Qxc6) 16. Nxe5 $1 $16 {[%mdl 512] Und La3 würde nun gewinnen.} Be6 (16... Bxe5 $2 17. Bf4) 17. Bg5 Kh8 (17... Nbd7 $16) 18. Bf6 $18 Bxf6 19. Nxf6 Qe7 20. Nd5 Qf8 {[#]} 21. Qd4 $1 {Weiss will mit Sxg6+ Matt setzen.} f6 {[#]} 22. Nxf6 $1 {[%mdl 512]} Qxf6 {[#]} 23. Nxg6+ $1 $40 {[%mdl 640] Weiss geht auf den König.} Kg7 (23... hxg6 24. Qxf6+) 24. Qxc5 Bxc4 25. Ne7 Be6 26. Nxc8 Nc6 27. Ne7 $1 {[%cal Re7c6]} Nxe7 28. Qxc7 Kf7 $2 (28... b6 {war nötig.} 29. Rad1 Rf8) 29. Qxb7 Bd5 30. Qd7 {Schwarz muss nun Txe7+! beachten.} Be6 31. Qd3 Ng6 32. Rac1 {zielt auf Txe6! ab.} Kg8 33. Qc3 Qf5 34. Qc2 Qf7 35. Qc7 Qf5 (35... Bd5 {war einen Versuch wert.} 36. Qxf7+ Bxf7) 36. Rc5 Qf6 37. Qc6 Rc8 38. Qd6 ({Schwächer ist} 38. Qxe6+ Qxe6 39. Rxe6 Rxc5 $11) 38... Rd8 39. Qg3 Bf7 40. h3 Rd2 41. a3 Rb2 $2 (41... a6 {ist eine bessere Verteidigung.} 42. Rc8+ Rd8 43. Rxd8+ Qxd8) 42. Rc3 h5 43. Rf3 Qb6 44. b4 ({Minderwertig wäre} 44. Re7 h4 $11) 44... h4 $2 (44... Rd2 45. Rc1 (45. Re7 h4 $15) 45... h4) 45. Qg5 Kg7 46. Qf5 Bg8 47. Rd1 Ra2 (47... Re2 $142 48. Rd7+ Kh6) 48. Re3 (48. Rd7+ $142 Kh6 49. g4 hxg3 50. Rxg3 Qxf2+ 51. Qxf2 Rxf2 52. Kxf2) 48... Kh6 49. Red3 $2 (49. Re4) 49... Be6 $2 (49... Qe6 50. Qc5 Qc4) 50. Qf6 Bc4 {Precision: Weiß = 56%, Schwarz = 30%.} 1-0

[Event "1st Longtou Cup Belt and Road"]
[Site "Qinhuangdao"]
[Date "2018.06.04"]
[Round "9"]
[White "Wu, huanghui"]
[Black "Li, Di"]
[Result "1/2-1/2"]
[WhiteElo "1930"]
[BlackElo "2452"]
[Annotator "TA"]
[PlyCount "111"]
[EventDate "2018.??.??"]
[EventCountry "CHN"]
[SourceTitle "playchess.com"]
[Source "ChessBase"]
[SourceQuality "1"]

{[%evp 17,111,11,12,18,9,5,12,12,30,28,33,9,18,5,33,20,29,-8,0,0,0,0,10,0,22,0,0,0,12,18,80,89,80,92,85,0,0,0,0,0,18,17,9,0,0,0,89,89,107,0,46,0,348,348,969,931,1258,-14,-13,-20,-23,-109,0,-220,-217,-230,0,0,0,0,0,0,0,0,0,0,0,0,0,0,0,0,0,0,0,0,0,0,0,0,0,0,0,0,0,0]} 1. d4 e6 2. c4 Bb4+ 3. Bd2 a5 4. Nf3 d6 5. g3 Nc6 6. Nc3 {A40: Unusual replies to 1 d4} (6. Bg2 e5 7. O-O exd4 8. Bg5 f6 9. Bc1 Bc5 10. Na3 Bg4 11. Nb5 Bxf3 12. Bxf3 Nge7 13. b3 O-O 14. Bb2 Nf5 15. Bd5+ {0-1 (35) Babula,V (2550)-Stocek,J (2566) Prague 2017}) 6... Nf6 7. Bg2 e5 8. a3 Bxc3 9. Bxc3 Ne4 {LiveBook: 4 Games} 10. Qc2 Nxc3 11. Qxc3 {[%cal Rd4e5]} Qf6 {[%cal Re5d4]} 12. d5 $146 ({Predecessor:} 12. O-O exd4 13. Qd2 O-O {0-1 (24) Bonow,V (1905)-Knoeppel,B (2274) Remote email 2013}) 12... Nb8 13. c5 O-O 14. cxd6 cxd6 15. Nd2 Bf5 16. e4 Bd7 17. Nc4 Rc8 18. Qb3 {[#] Black must now prevent Nb6.} a4 19. Qxb7 Na6 $1 {[%cal Ra6c5]} 20. Qxd7 Rxc4 21. O-O Nc5 22. Qb5 Rd4 23. Rad1 g5 (23... Rxd1 $11 24. Rxd1 Qd8) 24. Rxd4 $16 exd4 25. f4 gxf4 26. gxf4 ({White should play} 26. Rxf4 $16 Qe7 27. Bf1) 26... Kh8 $1 $11 27. e5 Qg6 28. Qe2 Rg8 29. f5 Qg5 $132 {[%mdl 2048] Strongly threatening ...d3. Black is fighting back} 30. e6 d3 31. Qf3 Qf6 (31... f6 $11) 32. Kh1 $16 Qe5 33. Rd1 (33. exf7 Rf8 $14) (33. Qf2 $16) 33... Rb8 34. Qf1 Rxb2 $4 {[%mdl 8192] [#]} (34... f6 $11) 35. f6 $1 $18 Re2 $2 (35... d2 36. e7 (36. exf7 Nd7 $14) 36... Rb3) 36. Rb1 {[%cal Rb1b8]} Rb2 37. e7 $2 ({Only move:} 37. Rxb2 $18 Qxb2 38. e7 (38. exf7 Nd7 $18)) 37... Rxb1 $1 $11 38. Qxb1 {[%cal Rb1b8]} Nd7 39. Bh3 (39. Qxd3 $11 Nxf6 40. Bf3) 39... Qxd5+ ({Black should try} 39... Nxf6 $17 {...d2 is the strong threat.} 40. Qxd3 Qxe7) 40. Kg1 $2 (40. Bg2 $11 Qe5 41. Bc6 Nxf6 42. Qb8+ Kg7 43. Qf8+ Kg6 44. e8=Q Nxe8 45. Qxe8) 40... Qd4+ $19 ({Much less strong is} 40... Nxf6 41. Qa1 $17 (41. Qb2 Qg5+ 42. Kh1 d2 $17)) 41. Kh1 Qe4+ $2 ({Better is} 41... Nxf6 $19 {And now ...d2 would win.} 42. Qb8+ Kg7 43. Qf8+ Kg6) 42. Bg2 $11 {The position is equal.} Qe5 43. Bc6 Nxf6 {aiming for ...d2.} 44. Qb8+ Kg7 45. Qf8+ Kg6 {( -> ...Qe2)} 46. e8=Q Nxe8 (46... Qxe8 $2 {loses.} 47. Bxe8 Nxe8 48. Qxe8 $18) 47. Qxe8 d2 48. Qg8+ Kh6 49. Qf8+ Kg6 50. Qg8+ Kh6 51. Qf8+ Kg5 (51... Kg6 $5 52. Qg8+ $8 $11) 52. Qg8+ Kh6 53. Qf8+ Kg6 54. Qg8+ Kh6 55. Qf8+ Kg5 56. Qg8+ {Precision: White = 53%, Black = 46%.} 1/2-1/2